Una Il·lusió compartida : Ateneu Popular 9 Barris, 25 anys / Xavier Pérez (coordinació) Ateneu Popular 9 Barris, 25 anys / Xavier Pérez (coordinació)
ISBN:
84-9779-205-X
Descripción Física:
167 p. ; il., fot. ; 24 cm
Otros Autores:
Pérez, Xavier, coord
MARC
| LEADER | 00000nam a2200000Ia 4500 | ||
|---|---|---|---|
| 001 | 17213 | ||
| 008 | 160829s2004 xx 000 0 cat d | ||
| 020 | |a 84-9779-205-X | ||
| 080 | |a M-5-182 | ||
| 245 | |a Una Il·lusió compartida : |b Ateneu Popular 9 Barris, 25 anys / Xavier Pérez (coordinació) | ||
| 260 | |a Lleida : |b Pagès, |c 2004 | ||
| 300 | |a 167 p. ; |c il., fot. ; |c 24 cm | ||
| 590 | |a Text en català, resums en castellà i anglès. | ||
| 590 | |a Amb el suport de la Diputació de Barcelona | ||
| 650 | |a Ateneu Popular Nou Barris |x Història |9 28985 | ||
| 651 | 0 | |a Nou Barris (Barcelona, Catalunya) |9 54453 | |
| 700 | |a Pérez, Xavier, coord. |9 28986 | ||
| 710 | 1 | |a Barcelona (Catalunya : Província). |b Diputació |9 52408 | |
| 901 | |a Arxiu | ||
| 942 | |n 1 | ||
| 952 | |0 0 |1 0 |4 0 |6 M5182 |7 1 |9 44997 |a Arxiu |b Arxiu |d 2016-12-01 |l 0 |o M-5-182 |p 17213 |r 2016-12-01 00:00:00 |w 2016-12-01 |y ARXIU | ||
| 999 | |c 47601 |d 47601 | ||